000
00335nam a22001457a 4500
008
210511b ||||| |||| 00| 0 eng d
020
_a
0321522532
041
_a
eng
080
_2
4th
_a
330.101.541
082
_a
330.101.541
100
_a
52
101
_a
MAKRO
245
_a
Foundations of Economics
_c
Robin Bade
942
_2
udc
_c
BK
999
_c
57167
_d
57167